Cambridge first certificate : Listening & Speaking
Gardado en:
| Autor Principal: | |
|---|---|
| Formato: | Libro |
| Idioma: | Undetermined |
| Publicado: |
Cambridge
Cambridge University Press
2000
|
| Những chủ đề: | |
| Các nhãn: |
Engadir etiqueta
Sen Etiquetas, Sexa o primeiro en etiquetar este rexistro!
|
| Thư viện lưu trữ: | Trung tâm Học liệu Trường Đại học Cần Thơ |
|---|
| LEADER | 00615nam a2200205Ia 4500 | ||
|---|---|---|---|
| 001 | CTU_120730 | ||
| 008 | 210402s9999 xx 000 0 und d | ||
| 082 | |a 428.34 | ||
| 082 | |b O.18/Cas.1 | ||
| 100 | |a O'Connell, Sue | ||
| 245 | 0 | |a Cambridge first certificate : | |
| 245 | 0 | |b Listening & Speaking | |
| 245 | 0 | |c Sue O'Connell, Louise Hashemi | |
| 260 | |a Cambridge | ||
| 260 | |b Cambridge University Press | ||
| 260 | |c 2000 | ||
| 650 | |a English language,English language | ||
| 650 | |x Textbooks for foreign speakers,Listening | ||
| 904 | |i M.Loan | ||
| 980 | |a Trung tâm Học liệu Trường Đại học Cần Thơ | ||